000 00850cam a22002413a 4500
001 30557
003 PGUSA
005 20140828083648.0
008 091128s2009||||xxu|||||s|||||000 | eng d
040 _aPGUSA
_beng
042 _adc
050 4 _aZ
100 1 _aLong Island Library Resources Council
_q(N.Y.)
245 1 0 _aLILRC Interlibrary Loan Manual :
_bJanuary, 1976
_h[electronic resource] /
_cLong Island Library Resources Council
260 _bProject Gutenberg,
_c2009
506 _aPublic domain in the USA.
516 _aElectronic text
653 _aInterlibrary loans -- New York (State) -- Long Island -- Handbooks, manuals, etc.
740 0 _aLong Island Library Resources Council Interlibrary Loan Manual: January, 1976
830 0 _aProject Gutenberg
_v30557
856 4 0 _uhttp://www.gutenberg.org/ebooks/30557
942 _cEB
999 _c259812
_d259812